Marketing <Eine> Einführung
Uložené v:
| Hlavný autor: | |
|---|---|
| Ďalší autori: | |
| Médium: | Kniha |
| Jazyk: | German |
| Vydavateľské údaje: |
Wien
Service
1988
|
| Vydanie: | 1. Aufl. |
| Predmet: | |
| Tagy: |
Žiadne tagy, Buďte prvý, kto otaguje tento záznam!
|
MARC
| LEADER | 00000nam a2200000 4500 | ||
|---|---|---|---|
| 001 | c001947 | ||
| 005 | 20221206134343.3 | ||
| 020 | |a 3-58428-109-9 | ||
| 041 | 0 | |a ger | |
| 044 | |a AT | ||
| 245 | 1 | 0 | |a Marketing |b <Eine> Einführung |c Philip Kotler, Gary Amstrong |
| 250 | |a 1. Aufl. | ||
| 264 | 1 | |a Wien |b Service |c 1988 | |
| 300 | |a 812 s. | ||
| 610 | 2 | 0 | |a marketing |
| 610 | 2 | 0 | |a dopyt |
| 610 | 2 | 0 | |a potreby |
| 610 | 2 | 0 | |a trh |
| 610 | 2 | 0 | |a výrobky |
| 610 | 2 | 0 | |a výroba |
| 610 | 2 | 0 | |a predaj |
| 610 | 2 | 0 | |a spotreba |
| 610 | 2 | 0 | |a plánovanie strategické |
| 610 | 2 | 0 | |a systémy informačné |
| 610 | 2 | 0 | |a vývoj výrobku |
| 610 | 2 | 0 | |a zákazníci |
| 610 | 2 | 0 | |a obaly |
| 610 | 2 | 0 | |a značky výrobné |
| 610 | 2 | 0 | |a životnosť výrobkov |
| 610 | 2 | 0 | |a tvorba cien |
| 610 | 2 | 0 | |a odbyt |
| 610 | 2 | 0 | |a logistika |
| 610 | 2 | 0 | |a maloobchod |
| 610 | 2 | 0 | |a veľkoobchod |
| 610 | 2 | 0 | |a reklama |
| 610 | 2 | 0 | |a služby |
| 100 | 1 | |a Kotler, Philip | |
| 700 | 1 | |a Armstrong, Gary | |